000 01014cam a2200325 a 4500
003 data
005 20260322212024.0
008 data
015 _aGBA580319
_2bnb
020 _a2080305107 (cased)
020 _a9782080305107 (cased)
024 3 _a9782080305107
040 _aUKM
_cUKM
_dOCLCQ
_dCUS
_dOHX
_dJJG
_dYDXCP
_dOCLCQ
042 _aukblsr
043 _at------
050 4 _aG860
_b.P2413 2005
082 0 4 _a919.8900222
_222
082 0 4 _a918.900222
_222
092 _a919.89 P2413 2005
100 1 _aPaccalet, Yves.
245 1 0 _aAntarctica /
_cYves Paccalet & Patrick de Wilde.
260 _aLondon :
_bThames & Hudson [distributor],
_aLondon :
_bThames & Hudson [distributor],
_c2005.
300 _a1 v. :
_bcol. ill. ;
_c26 cm.
546 _aTranslation of: Extrême sud, périples antarctiques.
651 0 _aAntarctica
_xDescription and travel.
651 0 _aAntarctica
_xDiscovery and exploration.
651 0 _aAntarctica
_vPictorial works.
700 1 _aWilde, Patrick de,
_d1949-
001 data
999 _c540
_d540